| 000 | 00864nam a2200217Ia 4500 | ||
|---|---|---|---|
| 003 | OSt | ||
| 005 | 20250505103959.0 | ||
| 008 | 191128s2014 ck er 000 f spa d | ||
| 020 | _a9789587587050 | ||
| 040 |
_aCO-JMCR _cCO-JMCR |
||
| 041 | _aspa | ||
| 082 | 0 | 4 |
_aA-N _bSILl |
| 100 | 1 |
_aSilva Romero, Ricardo, _eautor _98220 |
|
| 245 | 1 | 3 |
_aEl libro de la envidia / _cRicardo Silva Romero |
| 260 |
_aBogotá : _bAlfaguara, _c2014 |
||
| 300 |
_a525 páginas ; _c23 cm. |
||
| 500 | _aIncluye datos biográficos del autor en solapa | ||
| 520 | _aEn la Bogotá de 1896, tras la muerte de Silva, el loco Cacanegra, un popular personaje de las calles de la cuidad que se dedican a cuidar niños y hacer mandados, se levantan todos los días para vivie la misma aventura: demostrarles a los diferentes bogot | ||
| 650 | 1 | 4 |
_aNovela colombiana _98221 |
| 942 |
_2ddc _cBK |
||
| 999 |
_c4192 _d4192 |
||